| 000 | 00407nam a22001457a 4500 | ||
|---|---|---|---|
| 003 | NUST | ||
| 005 | 20220807121911.0 | ||
| 008 | 220807b ||||| |||| 00| 0 eng d | ||
| 038 | _aAzhar | ||
| 082 |
_a362.29 _bBEN |
||
| 245 |
_aAddicted to the monkey mind : change the programming that sabotages your life _cJ. F Benoist |
||
| 260 |
_aUSA _bPakalana Publishing; _c2021 |
||
| 300 | _a350p | ||
| 942 |
_2ddc _cLC |
||
| 999 |
_c590813 _d590813 |
||